[Event "Canadian op"]
[Site "Edmonton"]
[Date "2009.07.15"]
[Round "5.93"]
[White "Bansal, Prabjeet"]
[Black "Nolan, Pat"]
[Result "1/2-1/2"]
[WhiteElo "1396"]
[BlackElo "1529"]
[PlyCount "81"]
[EventDate "2009.07.11"]
[EventType "swiss"]
[EventRounds "9"]
[EventCountry "CAN"]
[SourceTitle "EXT 2022"]
[Source "ChessBase"]
[SourceDate "2021.10.06"]
[SourceVersion "1"]
[SourceVersionDate "2021.10.06"]
[SourceQuality "1"]

1. e4 c5 2. Nf3 d6 3. h3 g6 4. d3 Bg7 5. Be2 Nf6 6. b3 0-0 7. Bb2 Qa5+ 8. Nc3 Nc6 9. Qd2 b5 10. 0-0 Nd7 11. Nd1 Qxd2 12. Nxd2 Nf6 13. Nc3 Nd4 14. Bd1 Bd7 15. Nf3 Rac8 16. Nxd4 cxd4 17. Ne2 e5 18. Rc1 d5 19. f3 b4 20. f4 dxe4 21. fxe5 Nh5 22. Bxd4 exd3 23. cxd3 Bh8 24. Rxc8 Rxc8 25. g4 Ng7 26. Bxa7 Ne6 27. d4 Ra8 28. d5 Nf8 29. Bc5 Bb5 30. e6 fxe6 31. Bxf8 Rxf8 32. Rxf8+ Kxf8 33. dxe6 Ke7 34. Nf4 Bc6 35. h4 Be5 36. Nd3 Bd6 37. Kf2 Kxe6 38. Ke3 Bb5 39. Be2 Bxd3 40. Kxd3 h6 41. h5 1/2-1/2